Gaming Quiz

Random Gaming Quiz

The Ultimate Starcraft Fan Quiz Stats

Quiz not verified by Sporcle

Challenge
Share
Tweet
Embed
Score 0/15 Timer 05:00
1 Play Today
Clue Answer % Correct
What is the ability to go underground? (Zerg)Burrow
92.3%
What do you combine to get Archons?High Templar
90.3%
What fast and tiny unit live in carriers? (Protoss)Interceptor
87.7%
What two units have the Cloak ability? (Terran)Ghost, Wraith
81.9%
What building must you make to make a carrier?Fleet Beacon
81.9%
What's Mengsk's first name? (Sr.)Arcturus
74.2%
What units have the consume ability?Defilers
72.9%
Raynor's Ship?Hyperion
71.3%
Clue Answer % Correct
Kerrigan traveled to this planet and disappeared.Char
71%
What unit says, 'Ready for your sponge bath?'Medic
65.9%
What unit says, 'Acknowledged, HQ'?Goliath
65.2%
Ultralisks have _____ blades as weapons. (Its like a roll)Kaiser
54.8%
What's Duke's ship?Norad III
46.6%
What's Duke's first name?Edmond
43.2%
Protoss say that they are the _______ of the gods?Firstborn
19.6%

You're not logged in!

Compare scores with friends on all Sporcle quizzes.
Sign Up with Email
OR
Log In

You Might Also Like...

Show Comments

Extras

Top Quizzes Today


Score Distribution

Your Account Isn't Verified!

In order to create a playlist on Sporcle, you need to verify the email address you used during registration. Go to your Sporcle Settings to finish the process.